| 000 | 00402 a2200145 4500 | ||
|---|---|---|---|
| 999 |
_c6415 _d6415 |
||
| 020 | _a9781408700006 | ||
| 050 | _aQH31JON 2009 | ||
| 100 |
_aJones Steve _eauhor |
||
| 245 |
_aDarwin's Island : _bthe galapagos in the garden of England / _cSteve Hones |
||
| 264 |
_aGreat Britain: _bLittle Brown, _c2009 |
||
| 300 | _a307p.: | ||
| 500 | _aIncludes index | ||
| 650 | _aIsland | ||
| 942 |
_2lcc _cBK _h31 _iJON _kQH |
||